ARRUPE JESUIT UNIVERSITY

CORONAVIRUS -STOP THE SPREAD - CLEAN,DISINFECT,COVER

African co-operatives and efficiency/ (Record no. 125289)

MARC details
000 -LEADER
fixed length control field 01059nam a2200301 4500
001 - CONTROL NUMBER
control field 3145966
003 - CONTROL NUMBER IDENTIFIER
control field ARRUPE
005 - DATE AND TIME OF LATEST TRANSACTION
control field 20160920120228.0
008 - FIXED-LENGTH DATA ELEMENTS--GENERAL INFORMATION
fixed length control field 730830s1972 sw bs 100 0 eng
010 ## - LIBRARY OF CONGRESS CONTROL NUMBER
LC control number 73167246
015 ## - NATIONAL BIBLIOGRAPHY NUMBER
National bibliography number S***
020 ## - INTERNATIONAL STANDARD BOOK NUMBER
International Standard Book Number 917106057X
040 ## - CATALOGING SOURCE
Original cataloging agency DLC
Transcribing agency DLC
Modifying agency DLC
043 ## - GEOGRAPHIC AREA CODE
Geographic area code f------
050 00 - LIBRARY OF CONGRESS CALL NUMBER
Classification number HD3557.A4
Item number A63 1972
082 00 - DEWEY DECIMAL CLASSIFICATION NUMBER
Classification number 334/.096
300 ## - PHYSICAL DESCRIPTION
Dimensions 22 cm.
110 ## - MAIN ENTRY--CORPORATE NAME
Corporate name or jurisdiction name as entry element Winstrand, Carl Gosta
Relator term ed.
9 (RLIN) 25978
245 00 - TITLE STATEMENT
Title African co-operatives and efficiency/
Statement of responsibility, etc Edited by Carl Gösta Widstrand.
260 ## - PUBLICATION, DISTRIBUTION, ETC. (IMPRINT)
Place of publication, distribution, etc Uppsala,
Name of publisher, distributor, etc Scandinavian Institute of African Studies,
Date of publication, distribution, etc 1972.
300 ## - PHYSICAL DESCRIPTION
Extent 239 p.
500 ## - GENERAL NOTE
General note Introductory papers sent to the participants before a seminar held at the Co-operative College, Langata, Kenya, 29 Nov.-4 Dec., 1971.
504 ## - BIBLIOGRAPHY, ETC. NOTE
Bibliography, etc Includes bibliographical references.
650 #0 - SUBJECT ADDED ENTRY--TOPICAL TERM
Topical term or geographic name as entry element Cooperation
Geographic subdivision Africa
General subdivision Congresses.
9 (RLIN) 25979
700 1# - ADDED ENTRY--PERSONAL NAME
Personal name Widstrand, Carl Gösta,
Relator term ed.
9 (RLIN) 25980
700 1# - ADDED ENTRY--PERSONAL NAME
Personal name Ghai, Yash P.,
Dates associated with a name 1938-
9 (RLIN) 25981
906 ## - LOCAL DATA ELEMENT F, LDF (RLIN)
a 7
b cbc
c orignew
d 4
e ncip
f 19
g y-gencatlg
942 ## - ADDED ENTRY ELEMENTS (KOHA)
Source of classification or shelving scheme Library of Congress Classification
Koha item type Monograph ( Printed materials)
Holdings
Withdrawn status Lost status Source of classification or shelving scheme Damaged status Not for loan Collection code Home library Current library Shelving location Date acquired Total Checkouts Full call number Barcode Date last seen Date checked out Price effective from Koha item type
    Library of Congress Classification     Main Collection ARRUPE LIBRARY ARRUPE LIBRARY Main Collection 20/09/2016 1 HD3557.A4 A63 1972 46500010203 02/05/2023 16/02/2023 20/09/2016 Monograph ( Printed materials)

 

Arrupe Library. PO Box MP320 Mt Pleasant, Harare, Zimbabwe
263 242 745411|librarian@aju.ac.zw